[Event "Turniej Blitza na II Lidze Juniorów 2018"]
[Site "Szczyrk, Poland"]
[Date "????.??.??"]
[Round "6.73"]
[White "Pieczewska, Jadwiga"]
[Black "Pieczewska, Gabriela"]
[Result "0-1"]
[TimeControl "3'+2\""]
[WhiteElo "1035"]
[BlackElo "1158"]

1. c4 {[%clk 00:03:04]} e6 {[%clk 00:03:03]} {[%emt 00:00:01]} 2. Nc3 {[%clk
00:03:05]} d5 {[%clk 00:03:04]} {[%emt 00:00:01]} 3. cxd5 {[%clk 00:03:06]}
{[%emt 00:00:01]} exd5 {[%clk 00:03:06]} 4. d4 {[%clk 00:03:07]} c5 {[%clk
00:03:07]} 5. dxc5 {[%clk 00:03:08]} {[%emt 00:00:02]} Nf6 {[%clk 00:03:07]}
{[%emt 00:00:02]} 6. Nf3 {[%clk 00:03:06]} {[%emt 00:00:03]} Nc6 {[%clk
00:03:09]} 7. Be3 {[%clk 00:03:06]} {[%emt 00:00:01]} Bg4 {[%clk 00:02:59]}
{[%emt 00:00:13]} 8. Bg5 {[%clk 00:02:48]} {[%emt 00:00:19]} Bxc5 {[%clk
00:02:57]} {[%emt 00:00:04]} 9. Nxd5 {[%clk 00:02:42]} {[%emt 00:00:09]} Qa5+
{[%clk 00:02:38]} {[%emt 00:00:20]} 10. Nc3 {[%clk 00:02:40]} {[%emt 00:00:04]}
Ne4 {[%clk 00:02:30]} {[%emt 00:00:10]} 11. e3 {[%clk 00:02:28]} {[%emt
00:00:13]} Nxg5 {[%clk 00:02:25]} {[%emt 00:00:09]} 12. g3 {[%clk 00:02:11]}
{[%emt 00:00:19]} Ne4 {[%clk 00:02:26]} 13. Bg2 {[%clk 00:02:09]} {[%emt
00:00:05]} Nxc3 {[%clk 00:02:27]} 14. bxc3 {[%clk 00:02:10]} Qxc3+ {[%clk
00:02:28]} {[%emt 00:00:01]} 15. Kf1 {[%clk 00:02:03]} {[%emt 00:00:09]} O-O
{[%clk 00:02:27]} {[%emt 00:00:03]} 16. Qd5 {[%clk 00:01:51]} {[%emt 00:00:13]}
Qxa1+ {[%clk 00:02:21]} {[%emt 00:00:08]} 17. Ke2 {[%clk 00:01:51]} {[%emt
00:00:03]} Bxf3+ {[%clk 00:02:16]} {[%emt 00:00:06]} 18. Bxf3 {[%clk 00:01:49]}
{[%emt 00:00:05]} Qb2+ {[%clk 00:02:17]} {[%emt 00:00:01]} 19. Kf1 {[%clk
00:01:47]} {[%emt 00:00:03]} Qc1+ {[%clk 00:02:10]} {[%emt 00:00:10]} 20. Kg2
{[%clk 00:01:47]} {[%emt 00:00:02]} Qc2 {[%clk 00:02:11]} {[%emt 00:00:01]} 21.
Qd7 {[%clk 00:01:29]} {[%emt 00:00:19]} Bxe3 {[%clk 00:02:06]} {[%emt
00:00:08]} 22. Rf1 {[%clk 00:01:22]} {[%emt 00:00:07]} Ne5 {[%clk 00:02:07]}
{[%emt 00:00:03]} 23. Qe7 {[%clk 00:01:17]} {[%emt 00:00:06]} Nxf3 {[%clk
00:02:06]} {[%emt 00:00:04]} 24. Qxe3 {[%clk 00:01:12]} {[%emt 00:00:07]} Qf5
{[%clk 00:01:56]} {[%emt 00:00:11]} 25. Rd1 {[%clk 00:01:01]} {[%emt 00:00:10]}
b6 {[%clk 00:01:56]} {[%emt 00:00:05]} 26. Qxf3 {[%clk 00:00:45]} {[%emt
00:00:18]} Qxf3+ {[%clk 00:01:57]} {[%emt 00:00:02]} 27. Kxf3 {[%clk 00:00:46]}
Rae8 {[%clk 00:01:58]} {[%emt 00:00:01]} 28. h4 {[%clk 00:00:43]} {[%emt
00:00:05]} Re7 {[%clk 00:01:56]} {[%emt 00:00:03]} 29. Rd4 {[%clk 00:00:40]}
{[%emt 00:00:05]} h6 {[%clk 00:01:57]} {[%emt 00:00:02]} 30. g4 {[%clk
00:00:40]} Rfe8 {[%clk 00:01:58]} 31. g5 {[%clk 00:00:41]} {[%emt 00:00:01]}
hxg5 {[%clk 00:01:59]} {[%emt 00:00:02]} 32. hxg5 {[%clk 00:00:42]} {[%emt
00:00:01]} Re5 {[%clk 00:01:59]} {[%emt 00:00:02]} 33. Rg4 {[%clk 00:00:42]}
{[%emt 00:00:02]} Rf5+ {[%clk 00:02:00]} {[%emt 00:00:01]} 34. Kg3 {[%clk
00:00:41]} {[%emt 00:00:03]} Ree5 {[%clk 00:02:01]} 35. g6 {[%clk 00:00:42]}
{[%emt 00:00:01]} Rg5 {[%clk 00:02:01]} {[%emt 00:00:02]} 36. gxf7+ {[%clk
00:00:42]} {[%emt 00:00:02]} Kxf7 {[%clk 00:02:01]} {[%emt 00:00:02]} 37. Rxg5
{[%clk 00:00:41]} {[%emt 00:00:02]} Rxg5+ {[%clk 00:02:01]} {[%emt 00:00:02]}
38. Kf3 {[%clk 00:00:42]} {[%emt 00:00:01]} Rf5+ {[%clk 00:02:02]} {[%emt
00:00:02]} 39. Ke3 {[%clk 00:00:43]} Re5+ {[%clk 00:02:04]} 40. Kf3 {[%clk
00:00:44]} {[%emt 00:00:01]} Ra5 {[%clk 00:02:05]} 41. Ke3 {[%clk 00:00:44]}
{[%emt 00:00:02]} Rxa2 {[%emt 00:00:02]} 42. f4 {[%clk 00:00:46]} Ra3+ {[%clk
00:02:06]} {[%emt 00:00:01]} 43. Kd4 {[%clk 00:00:47]} a5 {[%clk 00:02:07]}
{[%emt 00:00:01]} 44. Kd5 {[%clk 00:00:47]} {[%emt 00:00:02]} Rb3 {[%clk
00:02:09]} {[%emt 00:00:01]} 45. f5 {[%clk 00:00:47]} a4 {[%clk 00:02:10]} 46.
Kc4 {[%clk 00:00:49]} Rb1 {[%clk 00:02:11]} {[%emt 00:00:02]} 47. Kc3 {[%clk
00:00:50]} a3 {[%clk 00:02:12]} {[%emt 00:00:01]} 48. Kc2 {[%clk 00:00:51]} Rb5
{[%clk 00:02:13]} {[%emt 00:00:01]} 49. Kc3 {[%clk 00:00:52]} a2 {[%clk
00:02:15]} 50. Kc4 {[%clk 00:00:53]} a1=Q {[%clk 00:02:13]} {[%emt 00:00:04]}
51. Kxb5 {[%clk 00:00:54]} {[%emt 00:00:01]} Qe5+ {[%clk 00:02:13]} {[%emt
00:00:02]} 52. Kxb6 {[%clk 00:00:54]} {[%emt 00:00:02]} Qxf5 {[%clk 00:02:14]}
{[%emt 00:00:02]} 53. Kb7 {[%clk 00:00:52]} {[%emt 00:00:03]} Qc2 {[%clk
00:02:14]} {[%emt 00:00:01]} 54. Kb6 {[%clk 00:00:53]} {[%emt 00:00:02]} Ke6
{[%clk 00:02:15]} 55. Kb7 {[%clk 00:00:54]} Kd7 {[%clk 00:02:17]} 56. Kb6
{[%clk 00:00:55]} {[%emt 00:00:01]} Qc6+ {[%clk 00:02:18]} 57. Ka5 {[%clk
00:00:55]} {[%emt 00:00:01]} Qb7 {[%clk 00:02:19]} {[%emt 00:00:01]} 58. Ka4
{[%clk 00:00:57]} Kc6 {[%clk 00:02:20]} 59. Ka3 {[%clk 00:00:58]} {[%emt
00:00:01]} Kc5 {[%clk 00:02:22]} 60. Ka4 {[%clk 00:00:59]} Qb4# {[%clk
00:02:23]} {[%emt 00:00:01]} 0-1

[Event "Turniej Blitza na II Lidze Juniorów 2018"]
[Site "Szczyrk, Poland"]
[Date "????.??.??"]
[Round "7.47"]
[White "Nowak, Filip"]
[Black "Wiszniewski, Szymon"]
[Result "0-1"]
[TimeControl "3'+2\""]
[WhiteElo "1145"]
[BlackElo "1391"]

1. e4 {[%clk 00:03:02]} {[%emt 00:00:01]} c5 {[%clk 00:03:04]} 2. Nf3 {[%clk
00:03:03]} {[%emt 00:00:02]} d6 {[%clk 00:03:05]} 3. d4 {[%clk 00:03:04]} cxd4
{[%clk 00:03:05]} {[%emt 00:00:02]} 4. Nxd4 {[%clk 00:03:04]} {[%emt 00:00:02]}
Nf6 {[%clk 00:03:07]} 5. Nc3 {[%clk 00:03:05]} {[%emt 00:00:02]} a6 {[%clk
00:03:08]} 6. Be3 {[%clk 00:03:05]} {[%emt 00:00:02]} e5 {[%clk 00:03:09]}
{[%emt 00:00:01]} 7. Nb3 {[%clk 00:03:04]} {[%emt 00:00:02]} Be7 {[%clk
00:03:11]} {[%emt 00:00:01]} 8. f3 {[%clk 00:03:05]} O-O {[%clk 00:03:11]}
{[%emt 00:00:01]} 9. Qd2 {[%clk 00:03:06]} Be6 {[%clk 00:03:13]} 10. O-O-O
{[%emt 00:00:02]} a5 11. a4 {[%clk 00:03:05]} {[%emt 00:00:02]} Na6 {[%clk
00:03:15]} {[%emt 00:00:02]} 12. Bb5 {[%clk 00:03:06]} {[%emt 00:00:01]} Nb4
{[%clk 00:03:15]} {[%emt 00:00:02]} 13. g4 {[%clk 00:03:00]} {[%emt 00:00:08]}
d5 {[%clk 00:03:10]} {[%emt 00:00:07]} 14. g5 {[%clk 00:02:52]} {[%emt
00:00:09]} Ne8 {[%clk 00:03:09]} {[%emt 00:00:04]} 15. exd5 {[%clk 00:02:48]}
{[%emt 00:00:06]} Bf5 {[%clk 00:03:01]} {[%emt 00:00:10]} 16. Na1 {[%clk
00:02:49]} Nc7 {[%clk 00:03:01]} {[%emt 00:00:01]} 17. Bc4 {[%clk 00:02:45]}
{[%emt 00:00:06]} Rc8 {[%clk 00:02:58]} {[%emt 00:00:05]} 18. Rhg1 {[%clk
00:02:37]} {[%emt 00:00:10]} Ncxd5 {[%clk 00:02:53]} {[%emt 00:00:08]} 19. Bxd5
{[%clk 00:02:35]} {[%emt 00:00:04]} Rxc3 {[%clk 00:02:52]} {[%emt 00:00:02]} 20.
Bxf7+ {[%clk 00:02:21]} {[%emt 00:00:16]} Kxf7 {[%clk 00:02:32]} {[%emt
00:00:23]} 21. Qxc3 {[%clk 00:02:21]} {[%emt 00:00:01]} Na2+ {[%clk 00:02:31]}
{[%emt 00:00:02]} 22. Kb1 {[%clk 00:02:10]} {[%emt 00:00:14]} Nxc3+ {[%clk
00:02:32]} {[%emt 00:00:01]} 23. bxc3 {[%clk 00:02:11]} Qe8 {[%clk 00:02:25]}
{[%emt 00:00:09]} 24. f4 {[%clk 00:02:06]} {[%emt 00:00:07]} Qxa4 {[%clk
00:02:26]} {[%emt 00:00:02]} 25. Nb3 {[%clk 00:02:03]} {[%emt 00:00:04]} Qxb3+
{[%clk 00:02:22]} {[%emt 00:00:06]} 26. Bc1 {[%emt 00:00:06]} 0-1

[Event "Turniej Blitza na II Lidze Juniorów 2018"]
[Site "Szczyrk, Poland"]
[Date "????.??.??"]
[Round "7.66"]
[White "Uliasz, Miroslaw"]
[Black "Dahche, Abdel-Azziz"]
[Result "0-1"]
[TimeControl "3'+2\""]
[WhiteElo "1075"]
[BlackElo "1222"]

1. d4 {[%clk 00:03:00]} {[%emt 00:00:03]} Nf6 {[%clk 00:03:01]} {[%emt
00:00:04]} 2. e3 {[%clk 00:03:00]} {[%emt 00:00:03]} g6 {[%clk 00:03:01]}
{[%emt 00:00:01]} 3. c3 {[%clk 00:03:00]} {[%emt 00:00:02]} Bg7 {[%clk
00:03:02]} 4. Bd3 {[%clk 00:03:01]} {[%emt 00:00:01]} d6 {[%clk 00:03:03]} 5.
Qc2 {[%clk 00:03:02]} {[%emt 00:00:01]} O-O {[%clk 00:02:58]} {[%emt 00:00:08]}
6. Nf3 {[%clk 00:03:03]} Bg4 {[%clk 00:02:50]} {[%emt 00:00:10]} 7. Nbd2 {[%clk
00:02:56]} {[%emt 00:00:08]} Nc6 {[%emt 00:00:07]} 8. O-O {[%clk 00:02:54]}
{[%emt 00:00:03]} e5 {[%clk 00:02:27]} {[%emt 00:00:22]} 9. e4 {[%clk
00:02:39]} {[%emt 00:00:17]} exd4 {[%clk 00:01:41]} {[%emt 00:00:47]} 10. Nxd4
{[%clk 00:02:30]} {[%emt 00:00:11]} Nxd4 {[%clk 00:01:41]} {[%emt 00:00:02]} 11.
cxd4 {[%clk 00:02:29]} {[%emt 00:00:02]} Nh5 {[%clk 00:01:07]} {[%emt
00:00:37]} 12. h3 {[%clk 00:02:06]} {[%emt 00:00:25]} Bd7 {[%clk 00:01:04]}
{[%emt 00:00:03]} 13. d5 {[%clk 00:01:38]} {[%emt 00:00:33]} Be5 {[%clk
00:00:51]} {[%emt 00:00:14]} 14. g4 {[%clk 00:01:26]} {[%emt 00:00:14]} Nf4
{[%clk 00:00:38]} {[%emt 00:00:13]} 15. Nf3 {[%clk 00:01:13]} {[%emt 00:00:15]}
Nxh3+ {[%clk 00:00:35]} {[%emt 00:00:07]} 16. Kg2 {[%clk 00:01:07]} {[%emt
00:00:06]} Bxg4 {[%clk 00:00:35]} {[%emt 00:00:04]} 17. Nxe5 {[%clk 00:00:53]}
{[%emt 00:00:16]} dxe5 {[%clk 00:00:17]} {[%emt 00:00:20]} 18. f3 {[%clk
00:00:53]} {[%emt 00:00:02]} Bd7 {[%clk 00:00:15]} {[%emt 00:00:04]} 19. Rh1
{[%clk 00:00:47]} {[%emt 00:00:09]} Nf4+ {[%clk 00:00:15]} {[%emt 00:00:02]} 20.
Bxf4 {[%clk 00:00:36]} {[%emt 00:00:13]} exf4 {[%clk 00:00:16]} 21. Kf1 {[%clk
00:00:20]} {[%emt 00:00:15]} Qg5 {[%clk 00:00:12]} {[%emt 00:00:09]} 22. Qh2
{[%clk 00:00:17]} {[%emt 00:00:03]} h5 {[%clk 00:00:12]} {[%emt 00:00:03]} 23.
Kf2 {[%clk 00:00:11]} {[%emt 00:00:09]} Qg3+ {[%clk 00:00:07]} {[%emt
00:00:07]} 24. Qxg3 {[%clk 00:00:11]} fxg3+ {[%clk 00:00:08]} {[%emt 00:00:01]}
25. Kxg3 {[%clk 00:00:12]} Kg7 {[%clk 00:00:10]} {[%emt 00:00:01]} 26. Rag1
{[%clk 00:00:07]} {[%emt 00:00:06]} Rh8 {[%clk 00:00:04]} {[%emt 00:00:09]} 27.
f4 {[%clk 00:00:07]} {[%emt 00:00:02]} f6 {[%clk 00:00:05]} {[%emt 00:00:01]}
28. Kf3 {[%clk 00:00:03]} {[%emt 00:00:05]} Rae8 {[%clk 00:00:05]} {[%emt
00:00:03]} 29. b3 {[%clk 00:00:00]} {[%emt 00:00:07]} a6 {[%clk 00:00:05]}
{[%emt 00:00:02]} 30. Ra1 {[%emt 00:00:08]} Bc8 {[%emt 00:00:02]} 0-1

[Event "Turniej Blitza na II Lidze Juniorów 2018"]
[Site "Szczyrk, Poland"]
[Date "????.??.??"]
[Round "7.63"]
[White "Klim, Juliusz"]
[Black "Mysliwiec, Natalia"]
[Result "0-1"]
[TimeControl "3'+2\""]
[WhiteElo "1110"]
[BlackElo "1316"]

1. e4 {[%clk 00:03:02]} {[%emt 00:00:01]} d5 {[%clk 00:01:58]} {[%emt
00:01:07]} 2. exd5 {[%clk 00:03:02]} {[%emt 00:00:01]} Qxd5 {[%clk 00:01:59]}
{[%emt 00:00:02]} 3. Nc3 {[%clk 00:03:02]} {[%emt 00:00:02]} Qd6 {[%clk
00:02:00]} 4. d3 {[%clk 00:02:58]} {[%emt 00:00:06]} Nf6 {[%clk 00:02:00]}
{[%emt 00:00:03]} 5. Nf3 {[%clk 00:02:58]} {[%emt 00:00:01]} Bg4 {[%clk
00:02:01]} 6. Be3 {[%clk 00:02:55]} {[%emt 00:00:05]} e6 {[%clk 00:02:02]}
{[%emt 00:00:02]} 7. Be2 {[%clk 00:02:52]} {[%emt 00:00:05]} Be7 {[%clk
00:02:03]} {[%emt 00:00:01]} 8. O-O {[%clk 00:02:51]} {[%emt 00:00:03]} c6
{[%clk 00:02:05]} {[%emt 00:00:01]} 9. Ng5 {[%clk 00:02:38]} {[%emt 00:00:14]}
Bxe2 {[%clk 00:02:02]} {[%emt 00:00:05]} 10. Qxe2 {[%clk 00:02:37]} {[%emt
00:00:03]} h6 {[%clk 00:02:01]} {[%emt 00:00:03]} 11. Nge4 {[%clk 00:02:37]}
{[%emt 00:00:02]} Nxe4 {[%clk 00:02:02]} {[%emt 00:00:02]} 12. Nxe4 {[%clk
00:02:35]} {[%emt 00:00:03]} Qb4 {[%clk 00:02:03]} {[%emt 00:00:01]} 13. b3
{[%clk 00:02:24]} {[%emt 00:00:13]} O-O {[%clk 00:02:01]} {[%emt 00:00:04]} 14.
Qg4 {[%clk 00:02:14]} {[%emt 00:00:12]} Kh8 {[%clk 00:01:58]} {[%emt 00:00:05]}
15. a3 {[%clk 00:01:49]} {[%emt 00:00:27]} Qa5 {[%clk 00:01:56]} {[%emt
00:00:04]} 16. a4 {[%clk 00:01:35]} {[%emt 00:00:16]} Nd7 {[%clk 00:01:55]}
{[%emt 00:00:02]} 17. Bd4 {[%clk 00:01:32]} {[%emt 00:00:06]} Ne5 {[%clk
00:01:52]} {[%emt 00:00:05]} 18. Qh5 {[%clk 00:01:14]} {[%emt 00:00:19]} Qd5
{[%clk 00:01:20]} {[%emt 00:00:35]} 19. Bxe5 {[%clk 00:01:09]} {[%emt
00:00:07]} f6 {[%clk 00:01:11]} {[%emt 00:00:11]} 20. Qf3 {[%clk 00:00:28]}
{[%emt 00:00:43]} fxe5 {[%clk 00:01:11]} {[%emt 00:00:01]} 21. Qg3 {[%clk
00:00:28]} {[%emt 00:00:02]} Rad8 {[%clk 00:01:02]} {[%emt 00:00:12]} 22. Rad1
{[%clk 00:00:27]} {[%emt 00:00:03]} Qd4 {[%clk 00:00:57]} {[%emt 00:00:07]} 23.
c3 {[%clk 00:00:26]} {[%emt 00:00:03]} Qd7 {[%clk 00:00:57]} {[%emt 00:00:02]}
24. Qxe5 {[%clk 00:00:25]} {[%emt 00:00:03]} Rf5 {[%clk 00:00:56]} {[%emt
00:00:03]} 25. Qg3 {[%clk 00:00:24]} {[%emt 00:00:02]} Rdf8 {[%clk 00:00:57]}
{[%emt 00:00:02]} 26. Rfe1 {[%clk 00:00:22]} {[%emt 00:00:04]} Bf6 {[%clk
00:00:43]} {[%emt 00:00:16]} 27. Nxf6 {[%clk 00:00:21]} {[%emt 00:00:03]} R8xf6
{[%clk 00:00:44]} {[%emt 00:00:01]} 28. Re3 {[%clk 00:00:19]} {[%emt 00:00:04]}
Rg5 {[%clk 00:00:44]} {[%emt 00:00:02]} 29. Qe5 {[%clk 00:00:17]} {[%emt
00:00:04]} Rxe5 {[%clk 00:00:44]} {[%emt 00:00:02]} 30. Rxe5 {[%clk 00:00:17]}
{[%emt 00:00:01]} Qd6 {[%clk 00:00:44]} {[%emt 00:00:03]} 31. d4 {[%clk
00:00:17]} {[%emt 00:00:03]} Rf5 {[%clk 00:00:42]} {[%emt 00:00:03]} 32. Re4
{[%clk 00:00:16]} {[%emt 00:00:03]} c5 {[%clk 00:00:39]} {[%emt 00:00:05]} 33.
Rde1 {[%clk 00:00:17]} Rf6 {[%clk 00:00:38]} {[%emt 00:00:04]} 34. dxc5 {[%clk
00:00:16]} {[%emt 00:00:03]} Qxc5 {[%clk 00:00:39]} 35. Rxe6 {[%clk 00:00:17]}
{[%emt 00:00:01]} Rxe6 {[%clk 00:00:40]} {[%emt 00:00:01]} 36. Rxe6 {[%clk
00:00:16]} {[%emt 00:00:02]} Qxc3 {[%emt 00:00:03]} 37. Re8+ {[%clk 00:00:15]}
{[%emt 00:00:01]} Kh7 {[%clk 00:00:42]} {[%emt 00:00:02]} 38. Re3 {[%clk
00:00:13]} {[%emt 00:00:03]} Qc1+ {[%clk 00:00:43]} {[%emt 00:00:01]} 39. Re1
{[%clk 00:00:13]} {[%emt 00:00:02]} Qxe1# {[%clk 00:00:44]} {[%emt 00:00:02]}
0-1

[Event "Turniej Blitza na II Lidze Juniorów 2018"]
[Site "Szczyrk, Poland"]
[Date "????.??.??"]
[Round "7.41"]
[White "Burdzicki, Jan"]
[Black "Straczek, Wiktoria"]
[Result "1-0"]
[TimeControl "3'+2\""]
[WhiteElo "1491"]
[BlackElo "1252"]

1. d4 {[%clk 00:03:02]} {[%emt 00:00:27]} d5 {[%clk 00:03:02]} 2. c4 {[%clk
00:03:02]} {[%emt 00:00:01]} c6 {[%clk 00:03:02]} 3. Nf3 {[%clk 00:03:02]}
{[%emt 00:00:04]} Nf6 {[%clk 00:03:02]} {[%emt 00:00:01]} 4. Nc3 {[%clk
00:03:02]} e6 {[%clk 00:03:02]} {[%emt 00:00:01]} 5. e3 {[%clk 00:03:02]}
{[%emt 00:00:04]} Bd6 {[%clk 00:03:02]} 6. Qc2 {[%clk 00:03:02]} {[%emt
00:00:01]} O-O {[%clk 00:03:02]} {[%emt 00:00:02]} 7. g4 {[%clk 00:03:02]}
{[%emt 00:00:01]} Nbd7 {[%clk 00:03:02]} {[%emt 00:00:03]} 8. Rg1 {[%clk
00:02:53]} {[%emt 00:00:18]} dxc4 9. Bxc4 {[%clk 00:02:53]} e5 {[%clk
00:02:58]} {[%emt 00:00:01]} 10. Bd3 {[%clk 00:02:41]} {[%emt 00:00:13]} exd4
{[%clk 00:02:56]} {[%emt 00:00:04]} 11. Nxd4 {[%clk 00:02:38]} {[%emt
00:00:06]} Ne5 {[%clk 00:02:51]} {[%emt 00:00:07]} 12. g5 {[%clk 00:02:32]}
{[%emt 00:00:08]} Nfd7 {[%clk 00:02:34]} {[%emt 00:00:18]} 13. Bxh7+ {[%clk
00:02:30]} {[%emt 00:00:04]} Kh8 {[%clk 00:02:34]} {[%emt 00:00:03]} 14. Be4
{[%clk 00:02:16]} {[%emt 00:00:16]} Nc5 {[%clk 00:02:26]} {[%emt 00:00:10]} 15.
Bd2 {[%clk 00:01:53]} {[%emt 00:00:24]} Nxe4 {[%clk 00:02:15]} {[%emt
00:00:14]} 16. Qxe4 {[%clk 00:01:41]} {[%emt 00:00:14]} c5 {[%clk 00:02:15]}
{[%emt 00:00:01]} 17. Nf5 {[%clk 00:01:30]} {[%emt 00:00:13]} Kg8 {[%clk
00:02:03]} {[%emt 00:00:14]} 18. O-O-O {[%clk 00:01:26]} {[%emt 00:00:06]} Bxf5
{[%clk 00:02:03]} {[%emt 00:00:02]} 19. Qxf5 {[%clk 00:01:28]} Qd7 {[%clk
00:02:02]} {[%emt 00:00:04]} 20. Qe4 {[%clk 00:01:20]} {[%emt 00:00:09]} Rfe8
{[%clk 00:01:53]} {[%emt 00:00:10]} 21. Be1 {[%clk 00:01:14]} {[%emt 00:00:09]}
Qc7 {[%clk 00:01:53]} {[%emt 00:00:03]} 22. Qd5 {[%clk 00:01:10]} {[%emt
00:00:05]} Rad8 {[%clk 00:01:50]} {[%emt 00:00:05]} 23. g6 {[%clk 00:01:06]}
{[%emt 00:00:07]} Nxg6 {[%clk 00:01:50]} 24. Rxg6 {[%clk 00:01:07]} {[%emt
00:00:02]} Bxh2 {[%clk 00:01:36]} {[%emt 00:00:15]} 25. Qc4 {[%clk 00:01:08]}
{[%emt 00:00:01]} Rxd1+ {[%clk 00:01:30]} {[%emt 00:00:08]} 26. Kxd1 {[%clk
00:01:04]} {[%emt 00:00:06]} Qd7+ {[%clk 00:01:22]} {[%emt 00:00:10]} 27. Bd2
{[%clk 00:00:55]} {[%emt 00:00:11]} Rd8 {[%clk 00:01:20]} {[%emt 00:00:05]} 28.
Ne4 {[%clk 00:00:46]} {[%emt 00:00:11]} Kf8 {[%clk 00:01:11]} {[%emt 00:00:10]}
29. Rg2 {[%clk 00:00:42]} {[%emt 00:00:06]} Be5 {[%clk 00:01:10]} {[%emt
00:00:03]} 30. b3 {[%clk 00:00:35]} {[%emt 00:00:09]} b6 {[%emt 00:00:04]} 31.
a4 {[%clk 00:00:32]} {[%emt 00:00:05]} f5 {[%clk 00:00:58]} {[%emt 00:00:12]}
32. f4 {[%clk 00:00:27]} {[%emt 00:00:07]} Bf6 {[%clk 00:00:50]} {[%emt
00:00:10]} 33. Ng3 {[%clk 00:00:22]} {[%emt 00:00:07]} Qc6 {[%clk 00:00:39]}
{[%emt 00:00:14]} 34. Qe2 {[%clk 00:00:20]} {[%emt 00:00:04]} Qd5 {[%clk
00:00:36]} {[%emt 00:00:04]} 35. Kc2 {[%clk 00:00:19]} {[%emt 00:00:04]} c4
{[%clk 00:00:31]} {[%emt 00:00:06]} 36. bxc4 {[%clk 00:00:14]} {[%emt
00:00:07]} Rc8 {[%clk 00:00:33]} 37. Kd1 {[%clk 00:00:13]} {[%emt 00:00:03]}
Rxc4 {[%clk 00:00:30]} {[%emt 00:00:05]} 38. Nh5 {[%clk 00:00:10]} {[%emt
00:00:04]} Rxa4 {[%clk 00:00:24]} {[%emt 00:00:08]} 39. Ke1 {[%clk 00:00:06]}
{[%emt 00:00:06]} Ra1+ {[%clk 00:00:17]} {[%emt 00:00:09]} 40. Kf2 {[%clk
00:00:08]} {[%emt 00:00:01]} Bh4+ {[%clk 00:00:18]} 41. Ng3 {[%clk 00:00:08]}
{[%emt 00:00:02]} Qa2 {[%clk 00:00:13]} {[%emt 00:00:06]} 42. Bb4+ {[%clk
00:00:08]} {[%emt 00:00:02]} Kf7 {[%clk 00:00:12]} {[%emt 00:00:03]} 43. Qxa2+
{[%clk 00:00:09]} {[%emt 00:00:01]} Rxa2+ {[%clk 00:00:13]} 44. Kf3 {[%clk
00:00:11]} Rxg2 {[%clk 00:00:13]} {[%emt 00:00:01]} 45. Kxg2 {[%clk 00:00:12]}
Ke6 {[%clk 00:00:13]} {[%emt 00:00:02]} 46. Bc3 {[%clk 00:00:12]} {[%emt
00:00:02]} g6 {[%clk 00:00:14]} {[%emt 00:00:01]} 47. Kf3 {[%clk 00:00:13]}
{[%emt 00:00:02]} Be7 {[%clk 00:00:12]} {[%emt 00:00:03]} 48. Ne2 {[%clk
00:00:14]} {[%emt 00:00:01]} Bc5 {[%clk 00:00:12]} {[%emt 00:00:02]} 49. Nc1
{[%clk 00:00:14]} {[%emt 00:00:02]} a5 {[%clk 00:00:13]} {[%emt 00:00:01]} 50.
Ba1 {[%clk 00:00:15]} {[%emt 00:00:01]} b5 {[%clk 00:00:13]} {[%emt 00:00:02]}
51. Nb3 {[%clk 00:00:17]} {[%emt 00:00:01]} Bb4 {[%clk 00:00:13]} {[%emt
00:00:01]} 52. Ke2 {[%clk 00:00:17]} {[%emt 00:00:02]} Kd5 {[%clk 00:00:14]}
{[%emt 00:00:02]} 53. Nd4 {[%clk 00:00:18]} Kd6 {[%clk 00:00:05]} {[%emt
00:00:48]} 54. Nxb5+ {[%clk 00:01:19]} {[%emt 00:00:02]} Kc5 {[%clk 00:00:06]}
55. Nd4 {[%clk 00:01:18]} {[%emt 00:00:03]} Kd5 {[%clk 00:00:06]} {[%emt
00:00:01]} 56. Kd3 {[%clk 00:01:19]} {[%emt 00:00:02]} Bc5 {[%clk 00:00:07]} 57.
Bc3 {[%clk 00:01:19]} {[%emt 00:00:01]} a4 {[%clk 00:00:08]} {[%emt 00:00:01]}
58. Nc2 {[%clk 00:01:19]} {[%emt 00:00:02]} a3 {[%clk 00:00:08]} {[%emt
00:00:02]} 59. Nb4+ {[%clk 00:01:17]} {[%emt 00:00:05]} Bxb4 {[%clk 00:00:05]}
{[%emt 00:00:05]} 60. Bxb4 {[%clk 00:01:18]} a2 {[%clk 00:00:06]} 61. Bc3
{[%clk 00:01:20]} Kc5 {[%clk 00:00:04]} {[%emt 00:00:03]} 62. Kc2 {[%clk
00:01:19]} {[%emt 00:00:03]} Kd5 {[%clk 00:00:05]} 63. Bd4 {[%clk 00:01:20]}
{[%emt 00:00:01]} a1=Q {[%emt 00:00:07]} 1-0